000 00794cam a22002417a 4500
005 20220329141313.0
008 971010s1984 r 00010 d
010 _a66111
011 _a67083
035 _a76314
082 _a629.2
_bI5
110 _aInstituto Nacional de Estadística, Geografía e Informática. México
_959304
245 1 3 _aLa industria automotriz en México, 1979-1983
260 _aMéxico, D.F. :
_bEl Instituto,
_c1984
300 _a154 p
590 _aBATCH-UPD
_b10
_c20130110
_lUCH01
_h2108
590 _aBATCH-UPD
_b10
_c20130410
_lUCH01
_h1420
590 _aBATCH-UPD
_b10
_c20130914
_lUCH01
_h0429
590 _aCONVERSION
_b10
_c20130109
_lUCH01
_h1336
650 1 4 _aAutomóviles.
_98415
901 _aBK
949 _a629.2 I5
_bZA
_cLIBRO
_d-9337
_eLIBRO
_h5711
_i76314
_si
999 _c66111
_d66111